<?xml version="1.0" encoding="UTF-8"?><?xml-stylesheet type="text/xsl" href="static/style.xsl"?><OAI-PMH xmlns="http://www.openarchives.org/OAI/2.0/" xmlns:xsi="http://www.w3.org/2001/XMLSchema-instance" xsi:schemaLocation="http://www.openarchives.org/OAI/2.0/ http://www.openarchives.org/OAI/2.0/OAI-PMH.xsd"><responseDate>2026-04-17T04:01:26Z</responseDate><request verb="GetRecord" identifier="oai:www.recercat.cat:2117/328420" metadataPrefix="marc">https://recercat.cat/oai/request</request><GetRecord><record><header><identifier>oai:recercat.cat:2117/328420</identifier><datestamp>2025-07-16T22:33:32Z</datestamp><setSpec>com_2072_1033</setSpec><setSpec>col_2072_452949</setSpec></header><metadata><record xmlns="http://www.loc.gov/MARC21/slim" xmlns:dcterms="http://purl.org/dc/terms/" xmlns:xsi="http://www.w3.org/2001/XMLSchema-instance" xmlns:doc="http://www.lyncode.com/xoai" xsi:schemaLocation="http://www.loc.gov/MARC21/slim http://www.loc.gov/standards/marcxml/schema/MARC21slim.xsd">
   <leader>00925njm 22002777a 4500</leader>
   <datafield ind2=" " ind1=" " tag="042">
      <subfield code="a">dc</subfield>
   </datafield>
   <datafield ind2=" " ind1=" " tag="720">
      <subfield code="a">Gascón-Hernández, Ana</subfield>
      <subfield code="e">author</subfield>
   </datafield>
   <datafield ind2=" " ind1=" " tag="720">
      <subfield code="a">Blasco-Sánchez, Carmen</subfield>
      <subfield code="e">author</subfield>
   </datafield>
   <datafield ind2=" " ind1=" " tag="720">
      <subfield code="a">Martínez-Pérez, Francisco-Juan</subfield>
      <subfield code="e">author</subfield>
   </datafield>
   <datafield ind2=" " ind1=" " tag="720">
      <subfield code="a">Escoms-Martínez, Ana</subfield>
      <subfield code="e">author</subfield>
   </datafield>
   <datafield ind2=" " ind1=" " tag="720">
      <subfield code="a">García-Martínez, Adrián</subfield>
      <subfield code="e">author</subfield>
   </datafield>
   <datafield ind2=" " ind1=" " tag="720">
      <subfield code="a">Deltoro-Soto, Julia</subfield>
      <subfield code="e">author</subfield>
   </datafield>
   <datafield ind2=" " ind1=" " tag="260">
      <subfield code="c">2020-09-28</subfield>
   </datafield>
   <datafield ind2=" " ind1=" " tag="520">
      <subfield code="a">Las Áreas de Actividad Económica (AAE) son soporte de una parte importante de la economía de una región y desempeñan un papel decisivo en su capacidad de progreso y competitividad. Además, en los entornos metropolitanos el suelo destinado a AAE ha alcanzado cada vez más transcendencia y protagonismo por su extensión y por las dinámicas y flujos que genera. Sin embargo, la realidad actual es la de un salpicado aleatorio de suelo, muchas veces obsoleto y degradado, sin una especial articulación con otras realidades territoriales, no acorde con su relevancia económica y representatividad social y, en general, poco atendido desde la disciplina urbanística y la administración.&#xd;
La regeneración de estas AAE pasa por revisar y comprender las nuevas necesidades de una industria cada vez más limpia, tecnológica y terciarizada, que no sólo deja de ser incompatible con la residencia, sino que tiende a acercarse a ella, hecho que permite pensar en otra manera de estructurar los usos urbanos. También debe asumir el papel que adquieren las infraestructuras de comunicación en la canalización de los flujos de mercancías, en la atracción de actividades económicas y en la movilidad de usuarios, algo que permitirá avanzar hacia nuevos modelos de movilidad sostenible.&#xd;
Esta comunicación pretende estudiar y abordar la regeneración de las AAE del Área Metropolitana de Valencia desde la dimensión territorial de la industria, entendiendo la estructura urbana y territorial, su posición estratégica y su papel en este sistema policéntrico, para así contribuir al equilibrio y articulación de todo el territorio metropolitano.</subfield>
   </datafield>
   <datafield tag="653" ind2=" " ind1=" ">
      <subfield code="a">Àrees temàtiques de la UPC::Urbanisme</subfield>
   </datafield>
   <datafield tag="653" ind2=" " ind1=" ">
      <subfield code="a">Metropolitan areas -- Spain -- Valencia</subfield>
   </datafield>
   <datafield tag="653" ind2=" " ind1=" ">
      <subfield code="a">Land use -- Spain -- Valencia</subfield>
   </datafield>
   <datafield tag="653" ind2=" " ind1=" ">
      <subfield code="a">Planificación territorial</subfield>
   </datafield>
   <datafield tag="653" ind2=" " ind1=" ">
      <subfield code="a">Áreas de actividad económica</subfield>
   </datafield>
   <datafield tag="653" ind2=" " ind1=" ">
      <subfield code="a">Regeneración urbana</subfield>
   </datafield>
   <datafield tag="653" ind2=" " ind1=" ">
      <subfield code="a">Suelo industrial</subfield>
   </datafield>
   <datafield tag="653" ind2=" " ind1=" ">
      <subfield code="a">Área metropolitana</subfield>
   </datafield>
   <datafield tag="653" ind2=" " ind1=" ">
      <subfield code="a">Territorial planning</subfield>
   </datafield>
   <datafield tag="653" ind2=" " ind1=" ">
      <subfield code="a">Areas of economic activity</subfield>
   </datafield>
   <datafield tag="653" ind2=" " ind1=" ">
      <subfield code="a">Urban regeneration</subfield>
   </datafield>
   <datafield tag="653" ind2=" " ind1=" ">
      <subfield code="a">Industrial land</subfield>
   </datafield>
   <datafield tag="653" ind2=" " ind1=" ">
      <subfield code="a">Metropolitan area</subfield>
   </datafield>
   <datafield tag="653" ind2=" " ind1=" ">
      <subfield code="a">Àrees metropolitanes -- País Valencià -- València</subfield>
   </datafield>
   <datafield tag="653" ind2=" " ind1=" ">
      <subfield code="a">Sòl, Ús del -- País Valencià -- València</subfield>
   </datafield>
   <datafield ind2="0" ind1="0" tag="245">
      <subfield code="a">La regeneración de las áreas de actividad económica: la estructura urbana del Área Metropolitana de Valencia</subfield>
   </datafield>
   <datafield ind2="0" ind1="0" tag="245">
      <subfield code="a">The regeneration of areas of economic activity: the urban structure of Valencia Metropolitan Area</subfield>
   </datafield>
</record></metadata></record></GetRecord></OAI-PMH>